Автоматизированное определения селена методом инверсионной вольтамперометрии; Знания, умения, навыки - путь к созданию новых инженерных решений

Sonraí bibleagrafaíochta
Parent link:Знания, умения, навыки - путь к созданию новых инженерных решений.— 2007.— С. 8-10
Príomhchruthaitheoir: Антонова С. Г. Светлана Геннадьевна
Rannpháirtithe: Елесова Е. Е. Елена Евгеньевна, Носкова Г. Н. Галина Николаевна
Teanga:Rúisis
Foilsithe / Cruthaithe: 2007
Ábhair:
Formáid: Caibidil leabhair
KOHA link:https://koha.lib.tpu.ru/cgi-bin/koha/opac-detail.pl?biblionumber=298198

MARC

LEADER 00000naa2a2200000 4500
001 298198
005 20231101003521.0
035 |a (RuTPU)RU\TPU\book\323341 
035 |a RU\TPU\book\212830 
090 |a 298198 
100 |a 20150617d2007 k y0rusy50 ca 
101 0 |a rus 
102 |a RU 
200 1 |a Автоматизированное определения селена методом инверсионной вольтамперометрии  |f С. Г. Антонова, Е. Е. Елесова, Г. Н. Носкова 
320 |a Библиогр.: с. 10 (4 назв.) 
463 0 |0 (RuTPU)RU\TPU\book\168797  |t Знания, умения, навыки - путь к созданию новых инженерных решений  |o материалы университетской научно-практической конференции студентов, аспирантов и молодых ученых, посвященной 100-летию со дня рождения Никитина Николая Васильевича, выдающегося российского инженера и ученого в области строительных конструкций, 14 декабря 2007 г.  |f Томский политехнический университет (ТПУ)  |v С. 8-10  |d 2007  |p 160 с. 
610 1 |a труды учёных ТПУ 
610 1 |a селен 
610 1 |a инверсионная вольтамперометрия 
610 1 |a труды учёных ТПУ 
700 1 |a Антонова  |b С. Г.  |c химик  |c инженер-проектировщик Томского политехнического университета, аспирант  |f 1984-  |g Светлана Геннадьевна  |2 stltpush  |3 (RuTPU)RU\TPU\pers\25850 
701 1 |a Елесова  |b Е. Е.  |c российский химик  |c научный сотрудник Томского политехнического университета  |g Елена Евгеньевна  |2 stltpush  |3 (RuTPU)RU\TPU\pers\27249 
701 1 |a Носкова  |b Г. Н.  |c российский химик  |c научный сотрудник Томского политехнического университета, кандидат химических наук  |f 1969-  |g Галина Николаевна  |2 stltpush  |3 (RuTPU)RU\TPU\pers\25863 
801 1 |a RU  |b 63413507  |c 20081118  |g PSBO 
801 2 |a RU  |b 63413507  |c 20150617  |g RCR 
942 |c BK